[Event "BRA-ch U18 Girls"]
[Site "Aracaju"]
[Date "2024.05.23"]
[Round "5"]
[White "Seito, Liz Emy Takahara"]
[Black "De Macedo, Laura Barbosa"]
[Result "1-0"]
[WhiteElo "1824"]
[BlackElo "1743"]
[PlyCount "99"]
[EventDate "2024.05.22"]
[EventType "swiss"]
[EventRounds "6"]
[EventCountry "BRA"]
[SourceTitle "CB22_2024"]
[SourceDate "2024.05.29"]
[SourceVersion "1"]
[SourceVersionDate "2024.05.29"]
[SourceQuality "1"]

1. e4 c5 2. Nc3 d6 3. g3 Nf6 4. Bg2 Nc6 5. Nge2 a6 6. d3 g6 7. 0-0 Bg7 8. d4 0-0 9. dxc5 dxc5 10. Qxd8 Rxd8 11. Be3 Nd7 12. Rad1 Rb8 13. f4 e5 14. Bh3 b6 15. f5 Bb7 16. f6 Bxf6 17. Bxd7 Be7 18. Bxc6 Bxc6 19. Nd5 Bxd5 20. Rxd5 Rxd5 21. exd5 Rd8 22. c4 Kg7 23. Nc3 Rb8 24. Rd1 Rd8 25. Na4 b5 26. cxb5 axb5 27. Nxc5 Bxc5 28. Bxc5 Kf6 29. Bb6 Rd7 30. Kg2 Kf5 31. Kf3 g5 32. g4+ Kg6 33. Ke4 f6 34. Rc1 h5 35. h3 hxg4 36. hxg4 Kf7 37. Rc7 Rxc7 38. Bxc7 b4 39. Kf5 Ke7 40. d6+ Kd7 41. Kxf6 e4 42. Kf5 e3 43. Ba5 Kxd6 44. Ke4 e2 45. Bxb4+ Ke6 46. Be1 Kf6 47. a4 Ke6 48. b4 Kd6 49. Kf5 Kd5 50. a5 1-0

[Event "BRA-ch U18 Girls"]
[Site "Aracaju"]
[Date "2024.05.22"]
[Round "3"]
[White "De Macedo, Laura Barbosa"]
[Black "Grebogi, Ana Lia"]
[Result "1-0"]
[WhiteElo "1743"]
[BlackElo "1454"]
[PlyCount "105"]
[EventDate "2024.05.22"]
[EventType "swiss"]
[EventRounds "6"]
[EventCountry "BRA"]
[SourceTitle "CB22_2024"]
[SourceDate "2024.05.29"]
[SourceVersion "1"]
[SourceVersionDate "2024.05.29"]
[SourceQuality "1"]

1. e4 e5 2. Nf3 Nc6 3. Bc4 Bc5 4. c3 Nf6 5. d3 h6 6. Nbd2 d6 7. h3 0-0 8. Nf1 Ne7 9. Be3 Bb6 10. Ng3 c6 11. Bb3 Bc7 12. 0-0 Ng6 13. Nh2 Re8 14. f4 exf4 15. Bxf4 d5 16. Bxc7 Qxc7 17. Qf3 Be6 18. Rae1 dxe4 19. Nxe4 Nxe4 20. Rxe4 Bxb3 21. axb3 Rxe4 22. Qxe4 Qb6+ 23. d4 Qxb3 24. Qe2 Kf8 25. Ng4 Re8 26. Qd3 Qd5 27. Qxg6 Re2 28. Ne5 f6 29. Nf3 Qb3 30. Ne5 Rxb2 31. Qe4 Qe6 32. Ng6+ Kf7 33. Qxe6+ Kxe6 34. Re1+ Kd7 35. Nf8+ Kd8 36. Ne6+ Kd7 37. Nxg7 Rc2 38. Re3 a5 39. Nf5 a4 40. Re7+ Kc8 41. Nd6+ Kd8 42. Rxb7 a3 43. Ra7 a2 44. Kh2 f5 45. Nxf5 Kc8 46. Nxh6 Kb8 47. Ra3 Kb7 48. Nf5 Kb6 49. Ne3 Re2 50. c4 c5 51. d5 Rxe3 52. Rxa2 Rc3 53. Ra4 1-0